000 00686nam a2200217 a 4500
005 20230221063551.0
008 020828m19291997mx r 000 0 spa d
020 _a8471124157
035 _aUPN01000118676
049 _aCG
050 4 _aQP381
_bP3.78
100 1 _aPavlov, Iván Pavlovich,
_d1849-1936.
245 1 4 _aLos reflejos condicionados :
_blecciones sobre la función de los grandes hemisferios /
_cIvan P. Pavlov.
260 _aMadrid :
_bMorata,
_c1929 (1997 impr.).
300 _a434 p.
440 0 _aRaíces de la memoria
650 4 _aCEREBRO -
_xLOCALIZACION DE FUNCIONES
_97880
650 4 _aRESPUESTA CONDICIONADA
650 2 _aInhibición
_914362
905 _aLibro
999 _c91042
_d91042